Tính toán thực hành cấu kiện bê tông cốt thép theo tiêu chuẩn TCXDVN 356 - 2005

Tài liệu này thuộc hệ thống giáo trình của Trường Đại học Xây dựng được xuất bản thành hai tập: Tập 1: Trình bày việc tính toán các cấu kiện chịu mômen uốn và lực cắt. Tập 2: Trình bày việc tính toán các cấu kiện chịu nén, kéo, xoă...

ver descrição completa

Na minha lista:
Detalhes bibliográficos
Autor principal: Nguyễn, Đình Cống
Formato: Livro
Idioma:Undetermined
Publicado em: Hà Nội Xây dựng 2007
Assuntos:
Tags: Adicionar Tag
Sem tags, seja o primeiro a adicionar uma tag!
Thư viện lưu trữ: Trung tâm Học liệu Trường Đại học Cần Thơ
LEADER 01139nam a2200193Ia 4500
001 CTU_144372
008 210402s9999 xx 000 0 und d
082 |a 693.54 
082 |b C455/T.1 
100 |a Nguyễn, Đình Cống 
245 0 |a Tính toán thực hành cấu kiện bê tông cốt thép theo tiêu chuẩn TCXDVN 356 - 2005 
245 0 |c Nguyễn Đình Cống 
260 |a Hà Nội 
260 |b Xây dựng 
260 |c 2007 
520 |a Tài liệu này thuộc hệ thống giáo trình của Trường Đại học Xây dựng được xuất bản thành hai tập: Tập 1: Trình bày việc tính toán các cấu kiện chịu mômen uốn và lực cắt. Tập 2: Trình bày việc tính toán các cấu kiện chịu nén, kéo, xoắn, chịu lực cục bộ và tính toán về nứt, biến dạng. 
650 |a Reinforced Concrete Structures,Reinforced concrete,Kết cấu bê tông cốt thép 
904 |i Thiêu 
980 |a Trung tâm Học liệu Trường Đại học Cần Thơ